Feminine Visibility in Contemporary Iran /
In Feminine Visibility in Contemporary Iran: Women, Religion, Culture and the State , Esmaeil Zeiny and Seyed Javad Miri bring together a collection of essays which offer a number of new perspectives on the role and power of Iranian women in refashioning the country's politics, culture, and rel...
مؤلفون آخرون: ,
التنسيق: كتاب الكتروني
اللغة: English
منشور في:
Leiden ; Boston :
Brill,
2024.
سلاسل:
Social Sciences E-Books Online, Collection 2024.
Studies in Critical Social Sciences ;
285.
الموضوعات:
الوصول للمادة أونلاين: Login to view Source
الوسوم: إضافة وسم
رقم الطلب: BP172
| LEADER | 02458nam a22005298i 4500 | ||
|---|---|---|---|
| 001 | BRILL9789004696785 | ||
| 003 | nllekb | ||
| 005 | 20240807135846.0 | ||
| 006 | m d | ||
| 007 | cr un uuuua | ||
| 008 | 240522s2024 gw sb 001 0 eng d | ||
| 020 | |a 9789004696785 |q (electronic book) | ||
| 020 | |z 9789004696778 |q (print) | ||
| 024 | 7 | |a 10.1163/9789004696785 |2 DOI | |
| 035 | |z (OCoLC)1420865636 | ||
| 040 | |a NL-LeKB |c NL-LeKB |e rda | ||
| 041 | |a eng | ||
| 050 | 4 | |a BP172 | |
| 072 | 7 | |a JHB |2 bicssc | |
| 072 | 7 | |a SOC |x 026000 |2 bisacsh | |
| 082 | 0 | 4 | |a 261.2/7 |2 23 |
| 245 | 1 | 0 | |a Feminine Visibility in Contemporary Iran / |c edited by Esmaeil Zeiny, Seyed Javad Miri. |
| 246 | 3 | |a Women, Religion, Culture and the State | |
| 264 | 1 | |a Leiden ; |a Boston : |b Brill, |c 2024. | |
| 264 | 4 | |c ©2024 | |
| 300 | |a 1 online resource (269 pages) : |b illustrations. | ||
| 336 | |a text |b txt |2 rdacontent | ||
| 337 | |a computer |b c |2 rdamedia | ||
| 338 | |a online resource |2 rdacarrier | ||
| 490 | 1 | |a Social Sciences E-Books Online, Collection 2024 | |
| 490 | 1 | |a Studies in Critical Social Sciences ; |v 285 | |
| 504 | |a Includes bibliographical references and index. | ||
| 520 | |a In Feminine Visibility in Contemporary Iran: Women, Religion, Culture and the State , Esmaeil Zeiny and Seyed Javad Miri bring together a collection of essays which offer a number of new perspectives on the role and power of Iranian women in refashioning the country's politics, culture, and religion. This collection threatens the stereotypical representations of Iranian women, and illustrates how high women leapt over the hurdles obstructing their progress and how much they have achieved to renegotiate the roles demanded by Iranian society. | ||
| 546 | |a English | ||
| 588 | |a Description based on print version record. | ||
| 650 | 0 | |a History & Culture. | |
| 650 | 0 | |a Iran & Persian Studies. | |
| 650 | 0 | |a Middle East and Islamic Studies. | |
| 650 | 0 | |a Sociology & Anthropology. | |
| 700 | 1 | |a Miri, Seyed Javad, |e editor. | |
| 700 | 1 | |a Zeiny, Esmaeil, |e editor. | |
| 776 | 0 | 8 | |i Print version: |t Feminine Visibility in Contemporary Iran : Women, Religion, Culture and the State. |d Leiden ; Boston : Brill, 2024. |z 9789004696778 |
| 830 | 0 | |a Social Sciences E-Books Online, Collection 2024. | |
| 830 | 0 | |a Studies in Critical Social Sciences ; |v 285. | |
| 856 | 4 | |z DOI: |u http://dx.doi.org/10.1163/9789004696785 | |
| 942 | |2 lcc |c EBOOK | ||
| 999 | |c 59149 |d 59149 | ||
